|
|
|
|
| LEADER |
00000cam a2200000 a 4500 |
| 001 |
vtls011238548 |
| 003 |
SK-MaSNL |
| 005 |
20260301091458.0 |
| 008 |
240318s2015 xo da e n 000 0 slo |
| 015 |
|
|
|a SNBA2016/01
|
| 020 |
|
|
|a 9788022744560
|q (brož.)
|
| 035 |
|
|
|a 9188882C-A6E9-4899-89E5-EC7B4520FC8C
|
| 035 |
|
|
|a urn:nbn:sk:snk-amkyq3
|
| 035 |
|
|
|a urn:nbn:sk:snk-am008pt7
|
| 040 |
|
|
|a SNK
|b slo
|c SNK
|e AACR2
|
| 041 |
0 |
|
|a slo
|b eng
|
| 044 |
|
|
|a xo
|c SK
|
| 072 |
|
7 |
|a 796
|x Šport. Hry. Telesné cvičenia
|2 konspekt
|
| 080 |
|
|
|a 796.012.21
|2 2001
|
| 080 |
|
|
|a (048.8)
|2 2011
|
| 080 |
|
|
|a 378.011.3-052
|2 2001
|
| 080 |
|
|
|a 613/614
|2 2001
|
| 080 |
|
|
|a 796/799
|2 2001
|
| 100 |
1 |
|
|a Cepková, Alena,
|d 1970-
|4 aut
|9 334980
|
| 245 |
1 |
0 |
|a Pohybová aktivita, zdravie, zdatnosť vysokoškolákov
|c Alena Cepková
|
| 250 |
|
|
|a 1. vyd.
|
| 260 |
|
|
|a V Bratislave
|b Slovenská technická univerzita
|b Nakladateľstvo STU
|c 2015
|
| 300 |
|
|
|a 80 s.
|b grafy, tab.
|c 25 cm
|
| 366 |
|
|
|e 150 výt.
|
| 490 |
1 |
|
|a Edícia monografií
|
| 504 |
|
|
|a Bibliogr.: s. 73-80
|
| 521 |
|
|
|a Pre 1. a 2. ročník bakalárskeho štúdia Strojníckej fakulty STU a tiež pre širšiu verejnosť
|
| 546 |
|
|
|a Res. angl.
|
| 650 |
0 |
7 |
|a telesná kondícia
|2 SNKPH
|9 76112
|
| 650 |
0 |
7 |
|a Physical fitness
|2 SNKPHeng
|9 315235
|
| 650 |
0 |
7 |
|a vysokoškolskí študenti
|2 SNKPH
|9 3981
|
| 650 |
0 |
7 |
|a zdravie
|2 SNKPH
|9 16322
|
| 650 |
0 |
7 |
|a College students
|2 SNKPHeng
|9 275186
|
| 650 |
0 |
7 |
|a Health
|2 SNKPHeng
|9 265749
|
| 650 |
0 |
7 |
|a vedy o športe
|2 SNKPH
|9 71713
|
| 650 |
0 |
7 |
|a Sports science
|2 SNKPHeng
|9 330011
|
| 655 |
|
7 |
|a monografie
|2 SNKPH
|9 70139
|
| 655 |
|
7 |
|a Monographs
|2 SNKPHeng
|9 120675
|
| 752 |
|
|
|a Slovensko
|d Bratislava
|
| 810 |
2 |
|
|a Slovenská technická univerzita v Bratislave
|t Edícia monografií
|9 180631
|
| 852 |
|
|
|a Štátna vedecká knižnica v Banskej Bystrici
|
| 919 |
|
|
|a 978-80-227-4456-0
|
| 958 |
|
|
|a NB
|
| 958 |
|
|
|a MI
|
| 999 |
|
|
|c 671268
|d 673198
|
| 952 |
|
|
|a SNK
|b SNK
|y PREZ
|7 0
|p 17A1177182
|o snkSC 167570
|i snk2016/649
|8 0
|0 0
|1 0
|4 0
|d 2016-01-13
|f 1
|l 0
|r 2026-02-23 19:26:26
|w 2026-02-23
|
| 952 |
|
|
|a SNK
|b SNK
|y VYP
|7 0
|p 17A1177183
|o snkSC 167570 D1
|i snk2016/650
|8 0
|0 0
|1 0
|4 0
|d 2016-01-13
|l 1
|m 1
|r 2026-05-11 13:39:57
|s 2026-04-02
|w 2026-02-23
|